BUBT Library Online Catalog

How to read english newspapers (Record no. 354)

000 -LEADER
fixed length control field 00692nam a22002417a 4500
008 - FIXED-LENGTH DATA ELEMENTS--GENERAL INFORMATION
fixed length control field 130512b xxu||||| |||| 00| 0 eng d
024 ## - OTHER STANDARD IDENTIFIER
Terms of availability Available
037 ## - SOURCE OF ACQUISITION
Terms of availability Available
040 ## - CATALOGING SOURCE
Original cataloging agency MBSTU LIBRARY
Modifying agency MBSTU LIBRARY
082 ## - DEWEY DECIMAL CLASSIFICATION NUMBER
Edition number 22
Classification number 425 HAH
100 ## - MAIN ENTRY--PERSONAL NAME
Personal name Haque, Md. Fazlul
245 ## - TITLE STATEMENT
Title How to read english newspapers
250 ## - EDITION STATEMENT
Edition statement 5th
260 ## - PUBLICATION, DISTRIBUTION, ETC. (IMPRINT)
Place of publication, distribution, etc. Dhaka
Name of publisher, distributor, etc. Professor's Prokashon
Date of publication, distribution, etc. 2004
300 ## - PHYSICAL DESCRIPTION
Extent 21 cm.
Other physical details 406 page
Type of unit 20
Size of unit 21 cm.
600 ## - SUBJECT ADDED ENTRY--PERSONAL NAME
Personal name Grammer of standard english
650 ## - SUBJECT ADDED ENTRY--TOPICAL TERM
Source of heading or term Grammer of standard english
700 ## - ADDED ENTRY--PERSONAL NAME
Personal name Haque, Md. Fazlul
270 ## - ADDRESS
Address Dhaka
City Dhaka
Country Bangladesh
365 ## - TRADE PRICE
Price amount 160.00
Unit of pricing 160.00
942 ## - ADDED ENTRY ELEMENTS (KOHA)
Source of classification or shelving scheme
Koha item type Books

No items available.

More Information About Library

Library Hours

  • Open: 9.00 am. to 9.00 pm.
  • Only Sunday: 9.00 am. to 6.00 pm.
  • Closed: Holiday

Contact to the University

Bangladesh University of Business and Technology Library

  • Mirpurl-2, 1216.
  • Phone:
  • Fax:
  • E-Mail: admin.library@bubt.edu.bd

Contact to the Library

Contact Person:

Md. Abdul Hakim Shah
Joint Librarian
PABX No:  113
Cell No: 01816332931
E-mail: official: admin.library@bubt.edu.bd
Personal: hakim.shah@bubt.edu.bd


BUBT Library

Copyright © 2021